|
|
|
|
| LEADER |
01587nam a2200397 4500 |
| 001 |
ocn648265507 |
| 003 |
OCoLC |
| 005 |
20180501121930.0 |
| 006 |
m o d |
| 007 |
cr cn||||||||| |
| 008 |
750720s2003 nyu o 000 0 eng d |
| 040 |
|
|
|a E7B
|b eng
|e pn
|c E7B
|d OCLCQ
|d OPELS
|d OCLCQ
|d OCLCF
|d OCLCQ
|d DEBBG
|d GrThAP
|
| 020 |
|
|
|a 0120026554
|q (electronic bk.)
|
| 020 |
|
|
|a 9780120026555
|q (electronic bk.)
|
| 035 |
|
|
|a (OCoLC)648265507
|
| 050 |
|
4 |
|a QR41.2
|b .A38 2003eb
|
| 082 |
0 |
4 |
|a 660.6/2
|2 22
|
| 049 |
|
|
|a TEFA
|
| 245 |
0 |
0 |
|a Advances in applied microbiology.
|n Volume 53 /
|c edited by Allen I. Laskin, Joan W. Bennett, Geoffrey M. Gadd.
|
| 260 |
|
|
|a New York :
|b Academic Press,
|c 2003.
|
| 300 |
|
|
|a 1 online resource (viii, 453 pages).
|
| 336 |
|
|
|a text
|b txt
|2 rdacontent
|
| 337 |
|
|
|a computer
|b c
|2 rdamedia
|
| 338 |
|
|
|a online resource
|b cr
|2 rdacarrier
|
| 490 |
0 |
|
|a Advances in applied microbiology ;
|v v. 53
|
| 588 |
0 |
|
|a Print version record.
|
| 520 |
|
|
|a Advances in Applied Microbiology offers intensive reviews of the latest techniques and discoveries in this rapidly moving field. The editors are recognized experts and the format is comprehensive and instructive.
|
| 650 |
|
0 |
|a Microbiology.
|
| 650 |
|
0 |
|a Biology.
|
| 650 |
|
7 |
|a Biology.
|2 fast
|0 (OCoLC)fst00832383
|
| 650 |
|
7 |
|a Microbiology.
|2 fast
|0 (OCoLC)fst01019576
|
| 655 |
|
4 |
|a Electronic books.
|
| 700 |
1 |
|
|a Laskin, Allen I.,
|d 1928-
|
| 700 |
1 |
|
|a Bennett, J. W.
|
| 700 |
1 |
|
|a Gadd, Geoffrey M.
|
| 856 |
4 |
0 |
|u https://www.sciencedirect.com/science/bookseries/00652164/53
|z Full Text via HEAL-Link
|